Las cosas de Pablo
Guardat en:
| Autor principal: | |
|---|---|
| Format: | Llibre |
| Idioma: | espanyol |
| Publicat: |
Madrid
SM
1998
|
| Edició: | 6a. ed |
| Col·lecció: | El Barco de Vapor
|
| Matèries: | |
| Etiquetes: |
Afegir etiqueta
Sense etiquetes, Sigues el primer a etiquetar aquest registre!
|
MARC
| LEADER | 00000nam a2200000 a 4500 | ||
|---|---|---|---|
| 001 | UCH9387 | ||
| 003 | CL-VaPUC | ||
| 008 | 100107e19980000SP |||||||||||||||||spa|d | ||
| 020 | |a 9788434839694 | ||
| 082 | 0 | 4 | |a 863 |b FAR |2 21 |
| 100 | 0 | |a Farías, Juan |e author |9 546444 | |
| 245 | 1 | 4 | |a Las cosas de Pablo |
| 250 | |a 6a. ed | ||
| 300 | |a 61 p | ||
| 942 | |c BK | ||
| 945 | |d 20100107 00:00:00 |a rbrito | ||
| 260 | |a Madrid |b SM |c 1998 | ||
| 650 | 0 | |a Novelas españolas |9 265052 | |
| 650 | 0 | |a Literatura infantil |9 307465 | |
| 583 | |a last modification |c 20100107 00:00:00 |k Rodrigo Vera | ||
| 490 | 0 | |a El Barco de Vapor | |
| 999 | |c 339372 |d 339370 | ||